Punta de Garza : (Record no. 49438)
[ view plain ]
| 000 -CABECERA | |
|---|---|
| campo de control de longitud fija | 00569nam a22001937a 4500 |
| 003 - IDENTIFICADOR DEL NÚMERO DE CONTROL | |
| campo de control | OSt |
| 005 - FECHA Y HORA DE LA ÚLTIMA TRANSACCIÓN | |
| campo de control | 20240207112114.0 |
| 007 - CAMPO FIJO DE DESCRIPCIÓN FÍSICA--INFORMACIÓN GENERAL | |
| campo de control de longitud fija | ta |
| 008 - DATOS DE LONGITUD FIJA--INFORMACIÓN GENERAL | |
| campo de control de longitud fija | 210223e2020 dr a|||er|||| 001 0dspa d |
| 020 ## - NÚMERO INTERNACIONAL ESTÁNDAR DEL LIBRO | |
| Número Internacional Estándar del Libro | 9789945618235 |
| 040 ## - FUENTE DE LA CATALOGACIÓN | |
| Centro catalogador/agencia de origen | DO-SdBNP |
| Lengua de catalogación | spa |
| Centro/agencia transcriptor | BNPHU |
| 041 ## - CÓDIGO DE LENGUA | |
| Código de lengua original | spa |
| 082 ## - NÚMERO DE LA CLASIFICACIÓN DECIMAL DEWEY | |
| Número de documento/Ítem | O775p |
| 100 1# - ENTRADA PRINCIPAL--NOMBRE DE PERSONA | |
| 9 (RLIN) | 77897 |
| Nombre de persona | Ortíz Ramos , Ángel Alfredo |
| Fechas asociadas al nombre | 1969- |
| 245 1# - MENCIÓN DE TÍTULO | |
| Título | Punta de Garza : |
| Resto del título | un pedacito de San Pedro / |
| Mención de responsabilidad, etc. | Ángel A. Ortíz Ramos. |
| 264 ## - PRODUCCIÓN, PUBLICACIÓN, DISTRIBUCIÓN, FABRICACIÓN Y COPYRIGHT | |
| Producción, publicación, distribución, fabricación y copyright | República Dominicana : |
| Nombre del de productor, editor, distribuidor, fabricante | Sin editorial ; |
| Fecha de producción, publicación, distribución, fabricación o copyright | 2020. |
| 300 ## - DESCRIPCIÓN FÍSICA | |
| Extensión | 138 páginas |
| Otras características físicas | ilustraciones ; |
| Dimensiones | 21 cm. |
| 942 ## - ELEMENTOS DE PUNTO DE ACCESO ADICIONAL (KOHA) | |
| Fuente del sistema de clasificación o colocación | Dewey Decimal Classification |
| Tipo de ítem Koha | Libro |
| Estado de retiro | Estado de pérdida | Fuente del sistema de clasificación o colocación | No para préstamo | Código de colección | Localización permanente | Ubicación/localización actual | Ubicación en estantería | Fecha de adquisición | Fuente de adquisición | Total de préstamos | Signatura topográfica completa | Código de barras | Fecha visto por última vez | Precio válido a partir de | Tipo de ítem Koha | Número de copia |
|---|---|---|---|---|---|---|---|---|---|---|---|---|---|---|---|---|
| Dewey Decimal Classification | Excluido de préstamo | Patrimonio Dominicano | Biblioteca Nacional Pedro Henríquez Ureña | Patrimonio Dominicano | Depósito | 22.02.2021 | Depósito legal | O775p | 2021-0395 | 23.02.2021 | 23.02.2021 | Libro y Folleto Colección Patrimonio Dominicano | ||||
| Dewey Decimal Classification | Excluido de préstamo | Patrimonio Dominicano | Biblioteca Nacional Pedro Henríquez Ureña | Patrimonio Dominicano | Depósito | 22.02.2021 | Depósito legal | O775p | 2021-0396 | 23.02.2021 | 23.02.2021 | Libro y Folleto Colección Patrimonio Dominicano | e.2 | |||
| Dewey Decimal Classification | Préstamo en sala | Dominicana de Servicio | Biblioteca Nacional Pedro Henríquez Ureña | Patrimonio Dominicano | Depósito | 22.02.2021 | Depósito legal | O775p | 2021-0397 | 23.02.2021 | 23.02.2021 | Libro y Folleto Colección Dominicana de Servicio | e.3 |
